CAT-2025 Verbal Ability and Reading comprehension solved Papers 2016-2024 (Record no. 13377)

MARC details
000 -LEADER
fixed length control field 00428nam a22001577a 4500
003 - CONTROL NUMBER IDENTIFIER
control field OSt
008 - FIXED-LENGTH DATA ELEMENTS--GENERAL INFORMATION
fixed length control field 250422b |||||||| |||| 00| 0 eng d
020 ## - INTERNATIONAL STANDARD BOOK NUMBER
International Standard Book Number 9789356818750
082 ## - DEWEY DECIMAL CLASSIFICATION NUMBER
Classification number 428.0076 PUV
100 ## - MAIN ENTRY--PERSONAL NAME
Personal name PURI, Gautam.
245 ## - TITLE STATEMENT
Title CAT-2025 Verbal Ability and Reading comprehension solved Papers 2016-2024
260 ## - PUBLICATION, DISTRIBUTION, ETC. (IMPRINT)
Place of publication, distribution, etc New Delhi
Name of publisher, distributor, etc GK Publication(p) Ltd.
Date of publication, distribution, etc 2025
300 ## - PHYSICAL DESCRIPTION
Extent MISC
650 ## - SUBJECT ADDED ENTRY--TOPICAL TERM
Topical term or geographic name as entry element General
942 ## - ADDED ENTRY ELEMENTS (KOHA)
Source of classification or shelving scheme Dewey Decimal Classification
Koha item type Text Books
Holdings
Withdrawn status Lost status Source of classification or shelving scheme Damaged status Not for loan Collection code Home library Current library Date acquired Source of acquisition Currency Cost, normal purchase price Bill Number Total Checkouts Full call number Acc. no. / Barcode Date last seen Actual Cost, discounted price Bill Date Koha item type Public note
    Dewey Decimal Classification     GENERAL PIET C-LIBRARY PIET C-LIBRARY 11/04/2025 Zaffa Books INR 930.00 ZBD0039   428.0076 PUV 39262 22/04/2025 651.00 11/04/2025 Reference Books Competitive
    Dewey Decimal Classification     GENERAL PIET C-LIBRARY PIET C-LIBRARY 11/04/2025 Zaffa Books INR 930.00 ZBD0039   428.0076 PUV 39263 22/04/2025 651.00 11/04/2025 Text Books Competitive
    Dewey Decimal Classification     GENERAL PIET C-LIBRARY PIET C-LIBRARY 11/04/2025 Zaffa Books INR 930.00 ZBD0039   428.0076 PUV 39264 22/04/2025 651.00 11/04/2025 Text Books Competitive

Design & Developed by: PIET Central Library
R70 Miles Stone Pattikalyana Samalkha Panipat 132102
mail ID :- [email protected], Phone No:- 0180-2569700 Ex.216